| 000 | 00348 a2200157 4500 | ||
|---|---|---|---|
| 001 | 47135 | ||
| 020 | _a9788568590027 | ||
| 040 | _cAnchieta - Aquarius | ||
| 100 | _aDenisse, Mattia | ||
| 240 | 1 | 0 |
_aQuem procura acha! _lpor |
| 245 | 1 | 0 | _aQuem procura acha! |
| 300 | _a48 | ||
| 362 | 0 | _a2014 | |
| 650 | 4 | _aLiteratura infanto-juvenil | |
| 942 | _cBK | ||
| 999 |
_c47135 _d47135 |
||